| 000 | 00671nam a22002657a 4500 | ||
|---|---|---|---|
| 001 | BR8904564 | ||
| 003 | BR-BrBNA | ||
| 005 | 20230928093314.0 | ||
| 007 | ta | ||
| 008 | 230509b bl.||||| |||| 00| 0 por d | ||
| 040 |
_aBR-BrBNA _bpor _cBiblioteca Nacional de Agricultura |
||
| 041 | _a(Por) | ||
| 072 |
_aL01; L40 _b7100 |
||
| 090 | _ 7100 BR8904564 | ||
| 100 | 1 | _aMello, M.L. | |
| 245 | 1 | _aConhecimentos basicos: Como ser apicultor | |
| 260 | 3 |
_aBrasilia, DF (Brasil): _c1989. |
|
| 300 | _a100 p. | ||
| 500 | _a6 illus. | ||
| 650 | _aAPICULTURA | ||
| 650 | _aABELHA | ||
| 650 | _aMORFOLOGIA ANIMAL | ||
| 909 |
_a202309 _bLucia _c55 _dLucia Elande |
||
| 942 | _cBK | ||
| 999 |
_c44214 _d44214 |
||